Acta Sesión Ordinaria 22 de junio 2011.Selección de Maestros Meritorios en el Marco del mes del Regocijo Magisterial e Información sobre diferentes resoluciones de caracter técnico-pedagógico (Record no. 9112)
[ view plain ]
| 000 -LEADER | |
|---|---|
| campo de control de longitud fija | 00570nam a2200133Ia 4500 |
| 001 - NÚMERO DE CONTROL | |
| campo de control | 2038 |
| 008 - DATOS DE LONGITUD FIJA--INFORMACIÓN GENERAL | |
| campo de control de longitud fija | 241024s9999 xx 000 0 und d |
| 082 ## - NÚMERO DE LA CLASIFICACIÓN DECIMAL DEWEY | |
| Número de clasificación | RD/370.97293/R426a/3/2011 |
| 100 ## - ENTRADA PRINCIPAL--NOMBRE DE PERSONA | |
| Nombre de persona | República Dominicana.Ministerio de Educación.Consejo Nacional de Educación |
| 245 #0 - MENCIÓN DEL TÍTULO | |
| Título | Acta Sesión Ordinaria 22 de junio 2011.Selección de Maestros Meritorios en el Marco del mes del Regocijo Magisterial e Información sobre diferentes resoluciones de caracter técnico-pedagógico |
| 260 ## - PUBLICACIÓN, DISTRIBUCIÓN, ETC. | |
| Nombre del editor, distribuidor, etc. | Santo Domingo |
| Fecha de publicación, distribución, etc. | 2011 |
| 901 ## - ELEMENTOS DE DATOS A LOCAL LDA (RLIN) | |
| a | 26/12/2011 11:31:21 a.m. |
No items available.